| 000 | 00000cas 2200000zi 4500 |
| 001 | 9.960229 |
| 003 | CaOODSP |
| 005 | 20260529095530 |
| 006 | m o d f |
| 007 | cr cn |||||||| |
| 008 | 260220c20219999oncar p o f0 a0eng|d |
| 022 | |a3111-153X |
| 040 | |aCaOODSP|beng|erda|cCaOODSP |
| 043 | |an-cn--- |
| 086 | 1 |aCi1-27/1E-PDF |
| 110 | 1 |aCanada. |bImmigration, Refugees and Citizenship Canada, |eauthor, |eissuing body. |
| 222 | 0|aImmigration, Refugees and Citizenship Canada’s Departmental Plan... Supplementary information tables |
| 245 | 10|aSupplementary information tables : |cImmigration, Refugees and Citizenship Canada's ... departmental plan. |
| 264 | 1|aOttawa, ON, Canada : |bImmigration, Refugees and Citizenship Canada = Immigration, réfugiés et citoyenneté Canada, |c[2021]- |
| 310 | |aAnnual |
| 336 | |atext|btxt|2rdacontent |
| 337 | |acomputer|bc|2rdamedia |
| 338 | |aonline resource|bcr|2rdacarrier |
| 362 | 1 |aBegan with: 2021/2022. |
| 500 | |aIssued also in French under title: |
| 588 | |aDescription based on: 2021/2022; title from PDF cover page. |
| 588 | |aLatest issue consulted: 2026/2027. |
| 610 | 10|aCanada. |bImmigration, Refugees and Citizenship Canada|xAppropriations and expenditures|vPeriodicals. |
| 651 | 0|aCanada|xEmigration and immigration|xGovernment policy|vPeriodicals. |
| 655 | 7|aPeriodicals|2lcgft |
| 775 | 08|tTableaux de renseignements supplémentaires : |w(CaOODSP)9.960230 |